Hoá lý T.4 : Điện hoá học T.4

Αποθηκεύτηκε σε:
Λεπτομέρειες βιβλιογραφικής εγγραφής
Κύριος συγγραφέας: Nguyễn Văn Tuế
Μορφή: Βιβλίο
Γλώσσα:Vietnamese
Έκδοση: Giáo dục 1999
Ετικέτες: Προσθήκη ετικέτας
Δεν υπάρχουν, Καταχωρήστε ετικέτα πρώτοι!
Thư viện lưu trữ: Mạng thư viện Đại học Đà Nẵng
LEADER 00629nam a2200253 4500
001 000022876
003 19325
005 20150515140525.0
008 150515s1999 viesd
020 |c 18000 
041 0 |a vie 
082 1 4 |a 541,3  |b NG-T 
100 1 |a Nguyễn Văn Tuế 
245 1 0 |a Hoá lý T.4 : Điện hoá học  |b T.4  |c Nguyễn Văn Tuế 
260 |b Giáo dục  |c 1999 
300 |a tr.  |c cm. 
OWN |a LSP 
999 |a From the UDN01 
TYP |a Monograph 
TYP |a Printed language 
980 |a Mạng thư viện Đại học Đà Nẵng